[Event "Challenge"]
[Site "http://www.queenalice.com/game.php?id=815036"]
[Date "2010.8.8"]
[Round "-"]
[White "marcioleijoto"]
[Black "dmnl12"]
[Result "1-0"]
[WhiteElo "1343"]
[BlackElo "1784"]

1. e4 c5 2. Nf3 d6 3. b3 Nc6 4. a3 Bg4 5. Bb2 Nf6 6. Be2 Nxe4 7. h3 Bd7 8. d4
cxd4 9. Nxd4 e6 10. Nd2 Nf6 11. O-O Be7 12. N4f3 O-O 13. c4 Rc8 14. b4 d5 15. b5
Na5 16. Qa4 b6 17. Qc2 dxc4 18. Ng5 Bxb5 19. Bxf6 1-0

[Event "Challenge"]
[Site "http://www.queenalice.com/game.php?id=815038"]
[Date "2010.8.8"]
[Round "-"]
[White "dmnl12"]
[Black "marcioleijoto"]
[Result "0-1"]
[WhiteElo "1784"]
[BlackElo "1343"]

1. e4 g6 2. d4 Nc6 3. c4 e5 4. d5 Nd4 5. Be3 Bg7 6. Nc3 c5 7. Bd3 Nf6 8. Nf3 Qa5
9. Nxe5 d6 10. Nf3 Qb4 11. Bxd4 cxd4 12. Qa4+ Qxa4 13. Nxa4 Bd7 14. b3 Ng4 15.
Nb2 O-O 16. O-O Ne5 17. Rad1 Bg4 18. Be2 a6 19. Nxd4 Bxe2 20. Nxe2 f5 21. exf5
Rxf5 22. Ng3 Rf4 0-1

[Event "Let's Play Chess!"]
[Site "http://www.queenalice.com/game.php?id=817388"]
[Date "2010.8.12"]
[Round "-"]
[White "bluestuff370"]
[Black "dmnl12"]
[Result "0-1"]
[WhiteElo "1884"]
[BlackElo "1802"]

1. d4 Nf6 2. Nf3 e6 3. e3 b6 4. a3 Be7 5. b4 O-O 6. c4 c5 7. bxc5 bxc5 8. d5 Bb7
9. dxe6 fxe6 10. Nbd2 d5 11. Bb2 Nbd7 12. Be2 Nb6 13. O-O Qd7 14. Ne5 Qc7 15.
Bg4 Nxg4 16. Qxg4 Bf6 17. Qxe6+ Kh8 18. cxd5 Rae8 19. Ng6+ hxg6 20. Qh3+ Kg8 21.
Bxf6 Rxf6 22. e4 Qf4 23. Qc3 Nd7 24. f3 Kf7 25. g3 Qe5 26. Qb3 Qd4+ 27. Rf2
Qxa1+ 28. Kg2 Rb6 29. Qe3 Qd4 30. Qf4+ Nf6 31. g4 Kg8 32. Nf1 Rb2 33. Rd2 Nxe4
34. fxe4 Rxe4 35. Qb8+ Kh7 36. Rxb2 Rxg4+ 37. Ng3 Qxb2+ 38. Kh3 Rxg3+ 39. hxg3
Qb6 40. Qe5 Bc8+ 41. Kh4 Qf6+ 42. Qg5 c4 0-1

[Event "Let's Play Chess!"]
[Site "http://www.queenalice.com/game.php?id=817389"]
[Date "2010.8.12"]
[Round "-"]
[White "bluestuff370"]
[Black "dmnl12"]
[Result "0-1"]
[WhiteElo "1905"]
[BlackElo "1781"]

1. d4 Nf6 2. Nf3 d5 3. e3 e6 4. a3 c5 5. c3 c4 6. Nbd2 b5 7. b4 Bb7 8. Ne5 Bd6
9. Ndf3 O-O 10. h3 Nbd7 11. Be2 Ne4 12. Bb2 Nb6 13. Rc1 Na4 14. Ba1 h5 15. O-O
f6 16. Ng6 Re8 17. Nd2 h4 18. Nxe4 dxe4 19. Nxh4 g5 20. Ng6 Kg7 21. Bh5 Rg8 22.
Qg4 f5 23. Qd1 Qc7 24. Rc2 Kh6 25. Ne5 Bxe5 26. dxe5 Rad8 27. Qe2 Qxe5 28. g4
Rd3 29. Rfc1 Rgd8 30. Kg2 f4 31. Qe1 Rf8 32. Ra2 fxe3 33. fxe3 Rxe3 34. Qxe3 Rf3
35. Qe1 e3 36. h4 Rf2+ 0-1

[Event "Let's Play Chess!"]
[Site "http://www.queenalice.com/game.php?id=819289"]
[Date "2010.8.17"]
[Round "-"]
[White "dmnl12"]
[Black "schalturtjik"]
[Result "1-0"]
[WhiteElo "1731"]
[BlackElo "1941"]

1. d4 Nf6 2. c4 e6 3. Nf3 b6 4. g3 Bb7 5. Bg2 Be7 6. O-O d5 7. Nc3 O-O 8. Ne5 c6
9. Bf4 Nbd7 10. e4 Nxe5 11. Bxe5 dxc4 12. Bxf6 Bxf6 13. e5 Be7 14. Qe2 Qxd4 15.
Rad1 Qc5 16. Rd7 Rab8 17. Ne4 1-0

[Event "Let's Play Chess!"]
[Site "http://www.queenalice.com/game.php?id=821823"]
[Date "2010.8.23"]
[Round "-"]
[White "elche"]
[Black "dmnl12"]
[Result "0-1"]
[WhiteElo "1676"]
[BlackElo "1775"]

1. e4 c5 2. Nc3 g6 3. g3 Bg7 4. Bg2 d6 5. Nge2 Nc6 6. d3 e6 7. O-O Nge7 8. f4
O-O 9. Rb1 Rb8 10. h3 f5 11. Kh2 b5 12. e5 dxe5 13. Be3 Nd4 14. fxe5 Bxe5 15.
Bf4 Bxf4 16. gxf4 b4 17. Nxd4 cxd4 18. Ne2 Qd6 19. b3 e5 20. fxe5 Qxe5+ 21. Nf4
g5 0-1

[Event "Let's Play Chess!"]
[Site "http://www.queenalice.com/game.php?id=821824"]
[Date "2010.8.23"]
[Round "-"]
[White "elche"]
[Black "dmnl12"]
[Result "0-1"]
[WhiteElo "1676"]
[BlackElo "1760"]

1. e4 c5 2. Nc3 Nc6 3. g3 g6 4. Bg2 Bg7 5. Nge2 d6 6. d3 e6 7. f4 Nge7 8. Rb1
O-O 9. O-O Rb8 10. a3 b5 11. h3 f5 12. Qd2 a5 13. Qe3 b4 14. axb4 axb4 15. Nd1
Qa5 16. Bd2 Qa2 17. Nf2 Bxb2 18. exf5 exf5 19. Bxc6 Nxc6 20. c3 Bb7 21. Qe6+
Qxe6 0-1

[Event "Challenge"]
[Site "http://www.queenalice.com/game.php?id=828459"]
[Date "2010.9.5"]
[Round "-"]
[White "dmnl12"]
[Black "melo41"]
[Result "1-0"]
[WhiteElo "1821"]
[BlackElo "1805"]

1. e4 c6 2. d4 d5 3. e5 Bf5 4. Nf3 e6 5. Be2 c5 6. Be3 cxd4 7. Nxd4 Be4 8. O-O
Nc6 9. Nd2 Bg6 10. c4 Nxe5 11. cxd5 exd5 12. f4 Nd3 13. f5 Bxf5 14. Rxf5 Nxb2
15. Qb3 Qb6 16. Bb5+ 1-0

[Event "Let's Play Chess!"]
[Site "http://www.queenalice.com/game.php?id=828531"]
[Date "2010.9.5"]
[Round "-"]
[White "dmnl12"]
[Black "elche"]
[Result "0-1"]
[WhiteElo "1794"]
[BlackElo "1797"]

1. e4 c5 2. Nc3 Nc6 3. Bb5 e6 4. Bxc6 bxc6 5. d3 d6 6. f4 Nf6 7. Nf3 Bb7 8. O-O
Be7 9. e5 dxe5 10. fxe5 Nd5 11. Ne4 f6 12. Qe2 O-O 13. exf6 Nxf6 14. Nxf6+ Bxf6
15. Qxe6+ Kh8 16. Ne5 Bxe5 17. Rxf8+ Qxf8 18. Qxe5 Re8 19. Qf4 Re1+ 0-1

[Event "Let's Play Chess!"]
[Site "http://www.queenalice.com/game.php?id=828532"]
[Date "2010.9.5"]
[Round "-"]
[White "dmnl12"]
[Black "elche"]
[Result "0-1"]
[WhiteElo "1778"]
[BlackElo "1813"]

1. e4 c5 2. Nc3 Nc6 3. g3 e6 4. Nge2 Nf6 5. Bg2 Be7 6. O-O d6 7. d3 O-O 8. h3
Qc7 9. Be3 a6 10. g4 b5 11. g5 Nd7 12. f4 Bb7 13. a3 f5 14. exf5 exf5 15. Nd5
Qd8 16. Ng3 g6 17. h4 Nb6 18. Nxe7+ Qxe7 0-1

[Event "Let's Play Chess!"]
[Site "http://www.queenalice.com/game.php?id=828533"]
[Date "2010.9.5"]
[Round "-"]
[White "dmnl12"]
[Black "elche"]
[Result "0-1"]
[WhiteElo "1738"]
[BlackElo "1855"]

1. e4 c5 2. Nc3 Nc6 3. Bb5 e6 4. Bxc6 bxc6 5. d3 Nf6 6. f4 d6 7. Nf3 Be7 8. O-O
Bb7 9. e5 dxe5 10. fxe5 Nd5 11. Ne4 f6 12. Qe2 O-O 13. exf6 Nxf6 14. Nxf6+ Bxf6
15. Qxe6+ Kh8 16. Ne5 Bxe5 17. Rxf8+ Qxf8 18. Qxe5 Re8 19. Qc3 Qd6 0-1

[Event "Let's Play Chess!"]
[Site "http://www.queenalice.com/game.php?id=828534"]
[Date "2010.9.5"]
[Round "-"]
[White "dmnl12"]
[Black "elche"]
[Result "0-1"]
[WhiteElo "1750"]
[BlackElo "1843"]

1. e4 c5 2. Nc3 Nc6 3. g3 e6 4. Bg2 Nf6 5. Nge2 d6 6. d4 cxd4 7. Nxd4 Qc7 8. O-O
Be7 9. Ncb5 Qb8 10. Nxc6 bxc6 11. Nd4 O-O 12. Nxc6 Qc7 13. Nxe7+ Qxe7 14. e5 Nd5
15. Bxd5 exd5 16. Qxd5 Ba6 17. exd6 Qd7 18. Re1 Qb5 19. Qxb5 Bxb5 0-1

[Event "Let's Play Chess!"]
[Site "http://www.queenalice.com/game.php?id=828536"]
[Date "2010.9.5"]
[Round "-"]
[White "dmnl12"]
[Black "elche"]
[Result "0-1"]
[WhiteElo "1727"]
[BlackElo "1866"]

1. e4 c5 2. Nc3 Nc6 3. g3 e6 4. Nge2 Nf6 5. Bg2 d6 6. d4 cxd4 7. Nxd4 Qc7 8. O-O
Be7 9. Ndb5 Qb8 10. Bf4 e5 11. Bg5 a6 12. Bxf6 gxf6 13. Na3 Be6 14. Nd5 b5 15.
Nxe7 Kxe7 16. c3 a5 17. Nc2 Qb6 0-1

[Event "Let's Play Chess!"]
[Site "http://www.queenalice.com/game.php?id=828537"]
[Date "2010.9.5"]
[Round "-"]
[White "dmnl12"]
[Black "elche"]
[Result "0-1"]
[WhiteElo "1763"]
[BlackElo "1830"]

1. e4 c5 2. Nc3 Nc6 3. Bb5 e6 4. Bxc6 bxc6 5. d3 Nf6 6. f4 d6 7. e5 dxe5 8. fxe5
Nd5 9. Ne4 Be7 10. Nf3 O-O 11. O-O f6 12. Qe2 Nf4 13. Bxf4 f5 14. Nc3 g5 15. Bd2
g4 16. Ne1 a5 17. Na4 Qd4+ 18. Be3 Qxa4 19. g3 Rb8 20. b3 Qb5 0-1

[Event "Let's Play Chess!"]
[Site "http://www.queenalice.com/game.php?id=830075"]
[Date "2010.9.9"]
[Round "-"]
[White "charles31"]
[Black "dmnl12"]
[Result "1-0"]
[WhiteElo "1684"]
[BlackElo "1836"]

1. e4 c5 2. Nc3 g6 3. d4 Bg7 4. Be3 cxd4 5. Bxd4 Bxd4 6. Qxd4 Nf6 7. Bc4 Nc6 8.
Qd2 O-O 9. h3 d6 10. O-O-O a6 11. a3 b5 12. Ba2 Bb7 13. Nf3 b4 14. axb4 Nxb4 15.
Bb3 Nxe4 16. Nxe4 Bxe4 17. Ng5 Qa5 18. Qxb4 Qxb4 19. Nxe4 Qxe4 20. f3 Qb7 21.
Rhf1 Rac8 22. g4 Qxb3 23. Rf2 Rc7 24. Rd3 1-0

[Event "Let's Play Chess!"]
[Site "http://www.queenalice.com/game.php?id=830076"]
[Date "2010.9.9"]
[Round "-"]
[White "dmnl12"]
[Black "charles31"]
[Result "0-1"]
[WhiteElo "1717"]
[BlackElo "1735"]

1. e4 e5 2. Nf3 d6 3. d4 exd4 4. Nxd4 h6 5. Bc4 Nf6 6. Nc3 a6 7. a4 Qe7 8. f3
Be6 9. Nxe6 fxe6 10. Be3 Nc6 11. O-O g5 12. Qe2 O-O-O 13. Rad1 Na5 14. Bxa6 c5
15. b4 cxb4 16. Qb5 bxc3 17. Rd3 Qc7 18. Bb6 bxa6 19. Qxa5 Qb7 20. Rxc3+ Kb8 21.
Bxd8 Ka7 22. Rc7 Ne8 23. Qb6+ Kxb6 0-1

[Event "Let's Play Chess!"]
[Site "http://www.queenalice.com/game.php?id=830077"]
[Date "2010.9.9"]
[Round "-"]
[White "charles31"]
[Black "dmnl12"]
[Result "1-0"]
[WhiteElo "1706"]
[BlackElo "1814"]

1. b3 d5 2. Ba3 Nf6 3. h3 g6 4. d4 Bg7 5. e3 O-O 6. Bd3 Nbd7 7. g4 c5 8. dxc5
Ne4 9. Bxe4 dxe4 10. c3 Qc7 11. Ne2 Ne5 12. Nd2 Nd3+ 13. Kf1 f5 14. g5 Rd8 15.
Ng3 Bxc3 16. Rb1 Nxf2 17. Kxf2 Rxd2+ 18. Qxd2 Bxd2 19. Rhd1 Bxe3+ 20. Kg2 f4 21.
Nxe4 Qc6 22. Kh2 Qxe4 23. Rd8+ 1-0

[Event "Let's Play Chess!"]
[Site "http://www.queenalice.com/game.php?id=830166"]
[Date "2010.9.9"]
[Round "-"]
[White "Killersugus"]
[Black "dmnl12"]
[Result "1-0"]
[WhiteElo "2056"]
[BlackElo "1702"]

1. d4 Nf6 2. Bg5 Ne4 3. Bf4 c5 4. f3 Qa5+ 5. c3 Nf6 6. Nd2 cxd4 7. Nb3 Qf5 8.
Bxb8 Rxb8 9. Nxd4 Qa5 10. e4 e5 11. Nb3 Qb6 12. Bc4 Be7 13. Ne2 O-O 14. Qc2 d6
15. O-O-O Be6 16. Bxe6 fxe6 17. Kb1 1-0

[Event "Let's Play Chess!"]
[Site "http://www.queenalice.com/game.php?id=830167"]
[Date "2010.9.9"]
[Round "-"]
[White "dmnl12"]
[Black "Killersugus"]
[Result "0-1"]
[WhiteElo "1700"]
[BlackElo "2058"]

1. e4 e6 2. d4 d5 3. Nc3 Nf6 4. Bg5 Be7 5. e5 Nfd7 6. Bxe7 Qxe7 7. f4 a6 8. Nf3
c5 9. Qd2 Nc6 10. O-O-O cxd4 11. Nxd4 Nxd4 12. Qxd4 Qc5 13. g4 Qxd4 14. Rxd4 b6
15. f5 Nxe5 16. fxe6 fxe6 0-1

[Event "pikachu01"]
[Site "http://www.queenalice.com/game.php?id=958595"]
[Date "2011.7.9"]
[Round "-"]
[White "dmnl12"]
[Black "spawnwolfwolverine"]
[Result "0-1"]
[WhiteElo "1669"]
[BlackElo "1596"]

1. e4 e5 2. Nf3 d6 3. d4 exd4 4. Qxd4 Bd7 5. Bf4 Nc6 6. Qe3 Nf6 7. Nc3 Be7 8. h3
O-O 9. O-O-O a6 10. g4 Ne5 11. Nxe5 dxe5 0-1